000 00672nam a22002297a 4500
001 00028847
005 20260427090919.0
008 260423b ag ||||| |||| 00| 0 spa d
040 _aAR-CcCEOS
_bspa
_cAR-CcCEOS
041 _aspa
080 _a930.9
090 _bMEU t.2
100 1 _aMeuleau, Maurice
_91101
245 _aEl mundo y su historia II :
_bEl mundo antiguo II /
_cMaurice Meuleau
250 _a1ยช ed.
264 _aBarcelona :
_bArgos,
_cc1968.
300 _a584 p. ;
_c24x18 cm.
490 _vHistoria Universal ; t.2 EL MUNDO ANTIGUO
650 0 _ahistoria
_990
942 _2udc
_cBK
_n0
999 _c28888
_d28888